000 00939nam a22002297a 4500
999 _c65369
_d65369
005 20240530110821.0
008 190711s2018 ua a g 000 0 ara d
017 _a2019/20955
_bمصر. دار الكتب
020 _a9789773833522
040 _aEG-CaGPL
_cEG-CaGPL
082 0 4 _221
_a155.23/
_bف ن
100 0 _aفلافيا محمد عثمان
245 1 2 _aنظرية اللبلاب نظرية فى الشخصية :
_bفهم الشخصيات المتسلقة والتعامل معها من واقع تحليل نفسى للشخصية /
_cفلافيا محمد عثمان
250 _aط.1
260 _aالقاهرة :
_bايتراك للطباعة و النشر و التوزيع،
_c2018 .
300 _a116 ص. ؛
_c20 سم.
650 0 7 _2qrmak
_aتحليل الشخصية
650 0 7 _aالشخصية المتسلقة
_2qrmak
651 _2qrmak
942 _2ddc
_cBK